banner-ar

الانهار الافريقية وازمة الجفاف / (Record no. 37852)

MARC details
000 -الفاتح
حقل البيانات ثابتة الطول 00785nam a2200253Ia 4500
008 - عناصر البيانات ثابتة الطول - معلومات عامة
حقل البيانات ثابتة الطول 140319s9999 xx 000 0 ara d
040 ## - مصدر الفهرسة
وكالة الفهرسة الأصلية GCL /
وكالة النسخ GCL
082 04 - رقم تصنيف ديوى العشرى
رقم التصنيف 916
رقم المادة د ا
100 1# - المدخل الرئيسى - إسم شخصى
الإسم الشخصى فخرى لبيب (مترجم)
245 10 - بيان العنوان
العنوان الانهار الافريقية وازمة الجفاف /
بيان المسئوليه,etc فخرى لبيب (مترجم)
700 1# - المدخل الاضافى - اسم شخصى
الإسم الشخصى نجوى الفوال
700 1# - المدخل الاضافى - اسم شخصى
الإسم الشخصى داركوه، مايكل
700 1# - المدخل الاضافى - اسم شخصى
الإسم الشخصى احمد سيف النصر
700 1# - المدخل الاضافى - اسم شخصى
الإسم الشخصى شهرت العالم
300 ## - الوصف المادى
التعداد 285 ص ؛
أبعاد الوعاء 24 سم
490 ## - بيان السلسلة
عنوان السلسلة
650 04 - المدخل الاضافى بالموضوع-مصطلح موضوعى
مصطلح موضوعي الجغرافيا الطبيعية
650 04 - المدخل الاضافى بالموضوع-مصطلح موضوعى
مصطلح موضوعي مصادر المياه
650 04 - المدخل الاضافى بالموضوع-مصطلح موضوعى
مصطلح موضوعي نهر النيل
650 04 - المدخل الاضافى بالموضوع-مصطلح موضوعى
مصطلح موضوعي الانهار
650 04 - المدخل الاضافى بالموضوع-مصطلح موضوعى
مصطلح موضوعي الجفاف
942 ## - عناصر المدخل الإضافي( كوها)
مصدر التصنيف او مخطط الترفيف Dewey Decimal Classification
Koha [default] item type كتاب
100 1# - المدخل الرئيسى - إسم شخصى
-- Actor
--
-- …مثل
Holdings
حالة التراجع حالة الفقد حالة تلف ليس للاعارة المكان المؤقت الموقع الحالى تاريخ الاكتساب اجمالي اﻻعارات رقم الطلب الباركود تاريخ اخر مشاهدة تاريخ تفعيل السعر نوع وعاء كوها
        مكتبة القاهرة الكبرى مكتبة القاهرة الكبرى 03/26/2014   916\د ا 92469 03/26/2014 03/26/2014 كتاب
        مكتبة القاهرة الكبرى مكتبة القاهرة الكبرى 03/26/2014   916\د ا 92470 03/26/2014 03/26/2014 كتاب
        مكتبة القاهرة الكبرى مكتبة القاهرة الكبرى 03/26/2014   916\د ا 92471 03/26/2014 03/26/2014 كتاب
        مكتبة القاهرة الكبرى مكتبة القاهرة الكبرى 03/26/2014   916\د ا 92472 03/26/2014 03/26/2014 كتاب

Powered By

EGPV